00503pab a2200145 454500008004000000100002200040245009200062260000900154300001300163362001100176773003400187909001100221999001900232952010600251180718b2015 xxu||||| |||| 00| 0 eng d aBanerjee, Sumanta aThe yogi as a pugilist: psychotherapy- cum- martial exercise in the Indian Armed forces c2015 ap.10-13. a15 Aug aEconomic and Political Weekly a108843 c108838d108838 00104070aIIPAbIIPAd2018-07-19hVolume no: 50, Issue no: 33pAR109303r2018-07-19w2018-07-19yAR